00586nam a2200157 i 4500001000400000100003500004245008300039260005500122300002700177651005700204655001200261040000800273041000800281008004100289856009800330bgj1 aCANFIELD, Dorothyd(1879-1958)10aA harvest of stories :bfrom a half century of writing /cby Dorothy Canfield. aNew York :bHarcourt, Brace and Company,cc. 1956. aXXIX, 352 pp ;c22 cm. 9aUnited StatesxSocial life and customsy20th century aFiction cBPK0 aeng s uk f |000 0 eng  uhttp://koha.tu.koszalin.pl/cgi-bin/koha/opac-detail.pl?biblionumber=47445yKatalog online BPK